An ancient castle /

Bibliographic Details
Main Author: Graves, Robert, 1895-1985
Format: Book
Language:English
Published: London : P. Owen, 1980.

MARC

Tag First Indicator Second Indicator Subfields
LEADER 00000cam a2200000 a 4500
001 in00000079995
005 20151008055258.0
008 810204s1980 enka 00011 eng d
020 |a 0720605679 :  |c 3.95 
035 |a (OCoLC)07102045 
035 |9 AAJ3029AM 
040 |a IAI  |c IAI  |d TXA  |d UtOrBLW 
049 |a TXAM  |c [1804420] 
090 |a PR6013.R35  |b A68 
100 1 |a Graves, Robert,  |d 1895-1985. 
245 1 3 |a An ancient castle /  |c Robert Graves ; illustrated by Elizabeth Graves ; with an afterword by William David Thomas. 
264 1 |a London :  |b P. Owen,  |c 1980. 
300 |a 69 pages :  |b illustrations ;  |c 23 cm. 
336 |a text  |b txt  |2 rdacontent 
337 |a unmediated  |b n  |2 rdamedia 
338 |a volume  |b nc  |2 rdacarrier 
999 |a MARS 
999 f f |s ba39992c-4779-3e96-a458-b547006f1580  |i 0e0af566-aaec-335c-b7f8-3cb4cb113168  |t 0 
952 f f |p ric  |a Texas A&M University  |b Rellis Campus  |c Joint Library Facility  |d Remote Storage  |t 0  |e PR6013.R35 A68  |h Library of Congress classification  |i unmediated -- volume  |m A14806186500 
998 f f |a PR6013.R35 A68  |t 0  |l Remote Storage